| 000 | 01119nam a2200325 i 4500 | ||
|---|---|---|---|
| 001 | 000039087 | ||
| 003 | DO-SdBNP | ||
| 005 | 20250725130800.0 | ||
| 007 | ta | ||
| 008 | 130520s1990 dr 000 0 spa d | ||
| 040 |
_aDO-SdBNP _bspa _cBNPHU _erda |
||
| 082 | 4 |
_a342.729307 _bR426Le, 1990 _222 |
|
| 110 | 1 |
_aRepública Dominicana. _9447 |
|
| 240 | 1 | 0 | _a[Leyes, etc.] |
| 245 | 1 | 0 | _aLey electoral. |
| 246 | 1 | 0 | _aLey electoral y ley num. 55 del registro electoral |
| 264 | 1 |
_aSanto Domingo : _bJunta Central Electoral, _c1990. |
|
| 300 |
_axxxix, 174 páginas ; _c21 cm. |
||
| 336 |
_atexto _btxt _2rdacontent |
||
| 337 |
_asin mediación _bn _2rdamedia |
||
| 338 |
_avolumen _bnc _2rdacarrier |
||
| 590 | _aInventariado, 2018/ YL | ||
| 650 | 4 |
_aElecciones _xLegislación _zRepública Dominicana _9412 |
|
| 650 | 4 |
_aSufragio _xLegislación _zRepública Dominicana _927666 |
|
| 650 | 4 |
_aLeyes _zRepública Dominicana _93033 |
|
| 651 | 4 |
_aRepública Dominicana _xLey No.55 _965303 |
|
| 710 | 1 | 2 |
_aRepública Dominicana. _b Junta Central Electoral _964605 |
| 910 | _aValidado. Control de calidad MFF | ||
| 942 |
_2ddc _cLBS1 |
||
| 999 |
_c38577 _d38577 |
||